书目信息 |
| 题名: |
带孩子出游常见树木
|
|
| 作者: | ;阅己妈妈会 主编 | |
| 分册: | ||
| 出版信息: | 北京 中国农业科学技术出版社 2016 |
|
| 页数: | 197页 | |
| 开本: | 22cm | |
| 丛书名: | 大自然启蒙教育书系 | |
| 单 册: | ||
| 中图分类: | S718.4 | |
| 科图分类: | ||
| 主题词: | 树木--shu mu--儿童读物 | |
| 电子资源: | ||
| ISBN: | 978-7-5116-2650-9 | |
| 000 | 01005nam0 22002651 450 | |
| 001 | 1759784035 | |
| 005 | 20170603153350.0 | |
| 010 | @a978-7-5116-2650-9@dCNY38.00 | |
| 100 | @a20170217d2016 em y0chiy50 ea | |
| 101 | 0 | @achi |
| 102 | @aCN@b110000 | |
| 105 | @aa z 000yy | |
| 106 | @ar | |
| 200 | 1 | @a带孩子出游常见树木@Adai hai zi chu you chang jian shu mu@f阅己妈妈主编 |
| 210 | @a北京@c中国农业科学技术出版社@d2016 | |
| 215 | @a197页@c彩照@d22cm | |
| 225 | 2 | @a大自然启蒙教育书系@Ada zi ran qi meng jiao yu shu xi@v4 |
| 300 | @a阅己妈妈自然馆 | |
| 330 | @a本书以出行游玩时常见的野花草、小动物、农作物、树木等为题材,配以大量精美图片,并邀请了中国农业科学院、中国林业科学研究院等科研机构的专家审稿,力求给家长和孩子们提供一套既轻松、有趣又科学、实用的大自然读物。 | |
| 461 | 0 | @12001 @a大自然启蒙教育书系 |
| 606 | 0 | @a树木@Ashu mu@j儿童读物 |
| 690 | @aS718.4@v5 | |
| 711 | 02 | @a阅己妈妈会@Ayue ji ma ma hui@4主编 |
| 801 | 0 | @aCN@bTANGWEI@c20170518 |
| 905 | @b1007622-7@dS718.4@e99@f6 | |
| 带孩子出游常见树木/阅己妈妈主编.-北京:中国农业科学技术出版社,2016 |
| 197页:彩照;22cm.-(大自然启蒙教育书系;4) |
| 阅己妈妈自然馆 |
| ISBN 978-7-5116-2650-9:CNY38.00 |
| 本书以出行游玩时常见的野花草、小动物、农作物、树木等为题材,配以大量精美图片,并邀请了中国农业科学院、中国林业科学研究院等科研机构的专家审稿,力求给家长和孩子们提供一套既轻松、有趣又科学、实用的大自然读物。 |
| ● |
| 相关链接 |
|
|
|
|
正题名:带孩子出游常见树木
索取号:S718.4/99
 
预约/预借
| 序号 | 登录号 | 条形码 | 馆藏地/架位号 | 状态 | 备注 |
| 1 | 1007622 | 210076228 | 第二样本阅览室/ [索取号:S718.4/99] | 在馆 | |
| 2 | 1007623 | 210076237 | 教育系资料室/ [索取号:S718.4/99] | 在馆 | |
| 3 | 1007624 | 210076246 | 教育系资料室/ [索取号:S718.4/99] | 在馆 | |
| 4 | 1007625 | 210076255 | 教育系资料室/ [索取号:S718.4/99] | 在馆 | |
| 5 | 1007626 | 210076264 | 第三借阅区/ [索取号:S718.4/99] | 在馆 | |
| 6 | 1007627 | 210076273 | 第三借阅区/ [索取号:S718.4/99] |
已借出,限还日期为2026.05.11 借出人:杨子怡 |